000 00559cam a22001577a 4500
008 180718b1894 xxu||||| |||| 00| 0 eng d
082 _aA6x54 R861/Am48
100 _aRitchie, Anne Thackeray
245 _aLord Amherst and the British advance eastwards to Burma
_cby Anne Thackeray Ritchie and Richardson Evans
260 _aOxford
_bClarendon Press
_c1894
300 _a220p.
440 _aRulers of India
650 _aAnglo-Burmese War, 1st, 1824-1826
650 _aAmherst of Arracan, William Pitt Amherst, Earl, 1773-1857
700 _aEvans, Richardson
999 _c438087
_d438087